000 00315nam a22001457a 4500
008 180814b xxu||||| |||| 00| 0 eng d
020 _a0393950050
041 _aeng
080 _22nd
_a33
082 _a33
100 _a52
101 _aEKO
245 _aChallengers to Capitalism
_cGurley,J.G
942 _2udc
_cBK
999 _c47127
_d47127